[Event "C.to Provinciale VA"]
[Site "Gallarate ITA"]
[Date "2013.01.20"]
[Round "3"]
[White "Mondini, Francesco"]
[Black "Novi', Giuseppe"]
[WhiteElo "1527"]
[BlackElo "1818"]
[Result "1-0"]
[PlyCount "61"]
[EventDate "2013.01.19"]

{139MB, Fritz8.ctg} 1. c4 1... Nf6 2. Nf3 e6 3. Nc3 c5 4. e4 d6 5. Be2 Nc6 6.
O-O Be7 7. a3 a6 8. d4 cxd4 9. Nxd4 Qc7 10. f4 O-O 11. Be3 b6 12. Bf3 Rb8 13.
Nxc6 Qxc6 14. e5 Qxc4 15. exf6 Bxf6 16. Qxd6 Bb7 17. Bxb7 Rxb7 18. Rfd1 h6 19.
Qd3 Qb3 20. Qxa6 Rbb8 21. Qb5 Qc2 22. Rac1 Qg6 23. Rd7 Rfc8 24. Qd3 Qh5 25. Ne4
Bxb2 26. Rxc8+ Rxc8 27. Nd6 Qa5 28. Nxc8 Qe1+ 29. Qf1 Qxe3+ 30. Kh1 Bxa3 31.
Rd8+ 1-0

[Event "C.to Provinciale VA"]
[Site "Gallarate ITA"]
[Date "2013.01.20"]
[Round "3"]
[White "Musso, Roberto"]
[Black "D'Aulisa, Francesco"]
[WhiteElo "1753"]
[BlackElo "1748"]
[Result "1-0"]
[PlyCount "129"]
[EventDate "2013.01.19"]

{139MB, Fritz8.ctg} 1. e4 1... d6 2. d4 e6 3. f4 Be7 4. Nf3 Bh4+ 5. g3 Be7 6.
Bd3 b6 7. Nc3 Bb7 8. Qe2 g6 9. Bd2 Nd7 10. O-O Nh6 11. f5 Ng4 12. fxe6 fxe6 13.
h3 Ngf6 14. Bh6 Nh5 15. Qh2 Bf8 16. Bd2 a6 17. Ng5 Ndf6 18. Nxe6 Qe7 19. d5 h6
20. Rae1 Kd7 21. Qf2 g5 22. g4 Nf4 23. Bxf4 gxf4 24. Qxf4 Nh7 25. Qf7 Re8 26.
Rf4 Ng5 27. Qxe7+ Bxe7 28. Nxg5 hxg5 29. Rf3 Rh6 30. Ref1 Reh8 31. Kg2 Kd8 32.
Ne2 Bc8 33. Ng1 c5 34. c4 Ke8 35. b3 Bd7 36. a4 Bf8 37. Rf6 R6h7 38. e5 Rh6 39.
e6 Rxf6 40. Rxf6 Bc8 41. Bg6+ Kd8 42. Rf7 Be7 43. Ne2 Rf8 44. Rxf8+ Bxf8 45.
Ng3 Bb7 46. Kf3 b5 47. axb5 axb5 48. Bd3 bxc4 49. bxc4 Ba6 50. Nf5 Bc8 51. h4
gxh4 52. Nxh4 Ke7 53. g5 Bxe6 54. dxe6 Kxe6 55. Be4 Bg7 56. Nf5 Be5 57. Kg4 Kf7
58. Kh5 Kg8 59. Kh6 Kf7 60. Bd5+ Ke8 61. g6 Kd7 62. Kh7 Kc7 63. g7 Bxg7 64.
Kxg7 Kd7 65. Kf7 1-0

[Event "C.to Provinciale VA"]
[Site "Gallarate ITA"]
[Date "2013.01.20"]
[Round "3"]
[White "Pepa, Syrja"]
[Black "Nossa, Mauro"]
[WhiteElo "1820"]
[BlackElo "1598"]
[Result "1-0"]
[PlyCount "92"]
[EventDate "2013.01.19"]

1. d4 d5 2. c4 Nf6 3. Nc3 Bf5 4. e3 c6 5. Nf3 h6 6. Qb3 Bc8 7. cxd5 Nxd5 8. e4
Nxc3 9. bxc3 Nd7 10. Bf4 e6 11. Be2 Be7 12. O-O O-O 13. Rad1 Nf6 14. Bd3 Nh5
15. Be3 Nf6 16. c4 Qc7 17. h3 Rd8 18. e5 Nd7 19. Bb1 Nf8 20. Nh2 b6 21. f4 f5
22. exf6 Bxf6 23. Nf3 Bb7 24. Ne5 Rab8 25. Qc3 c5 26. dxc5 bxc5 27. Qc2 Rxd1
28. Qxd1 Bxe5 29. fxe5 Rd8 30. Qh5 Ba6 31. Qh4 Rd7 32. Qf2 Rf7 33. Qxf7+ Qxf7
34. Rxf7 Kxf7 35. Bxc5 Bxc4 36. Bxa7 Nd7 37. Bd4 Nb8 38. Kf2 Nc6 39. Bc3 Ne7
40. a4 Nd5 41. Bd2 Ke7 42. Bc1 Kd7 43. Ba3 Ke8 44. Bg6+ Kd7 45. Bf8 Ne7 46. Be4
Nf5 1-0

[Event "C.to Provinciale VA"]
[Site "Gallarate ITA"]
[Date "2013.01.26"]
[Round "4"]
[White "Brioschi, Camillo"]
[Black "Collaro, Paolo"]
[WhiteElo "1800"]
[BlackElo "1629"]
[Result "1-0"]
[PlyCount "49"]
[EventDate "2013.01.19"]

{139MB, Fritz8.ctg} 1. d4 1... d5 2. c4 c6 3. Nf3 Nf6 4. Nc3 dxc4 5. a4 Bf5 6.
e3 e6 7. Bxc4 Be7 8. Bd2 O-O 9. Nh4 Nbd7 10. Nxf5 exf5 11. a5 c5 12. O-O cxd4
13. exd4 Rc8 14. Bd3 g6 15. Qf3 b6 16. Bh6 Re8 17. Ba6 bxa5 18. Bxc8 Qxc8 19.
Rxa5 Qc4 20. Rxa7 Qxd4 21. Rfa1 Bf8 22. Be3 Qb4 23. Qb7 Qc4 24. Qb5 Qh4 25.
Rxd7 1-0

[Event "C.to Provinciale VA"]
[Site "Gallarate ITA"]
[Date "2013.01.26"]
[Round "4"]
[White "Cervini, Gian Piero"]
[Black "Musso, Roberto"]
[WhiteElo "1786"]
[BlackElo "1753"]
[Result "1-0"]
[PlyCount "115"]
[EventDate "2013.01.19"]

1. e4 e5 2. Nf3 Nc6 3. d4 exd4 4. Bc4 Be7 5. Nxd4 Ne5 6. Bb3 d6 7. Nc3 Nf6 8.
Bg5 Nfg4 9. Bxe7 Qxe7 10. f4 Ng6 11. Qf3 Nf6 12. h3 Bd7 13. O-O-O O-O-O 14.
Rhe1 Be6 15. e5 dxe5 16. fxe5 Nd7 17. Ncb5 Kb8 18. Bxe6 fxe6 19. Qe3 Nb6 20.
Rd3 a6 21. Nc3 Rhf8 22. g3 Nc4 23. Qe4 Ngxe5 24. Rdd1 Rxd4 25. Rxd4 Qb4 26. Nd1
c5 27. c3 Qb5 28. Rxc4 Nxc4 29. b3 Nb6 30. Qxe6 Ka7 31. Qe7 Rf1 32. c4 Rxe1 33.
Qxe1 Qd7 34. g4 Qd4 35. Qc3 Qf4+ 36. Kb2 Qf7 37. Qe3 Nd7 38. Nc3 Qf6 39. Kc2
Qe5 40. Kd3 Qd6+ 41. Ke4 Nf6+ 42. Kf3 Kb8 43. Qf4 Kc7 44. Qxd6+ Kxd6 45. Ne4+
Nxe4 46. Kxe4 Ke6 47. a3 a5 48. h4 h6 49. h5 a4 50. bxa4 b6 51. a5 bxa5 52. a4
Kd6 53. Kf5 Ke7 54. Kg6 Kf8 55. Kf5 Ke7 56. Ke5 Kd7 57. Kd5 Kc7 58. Kxc5 1-0

[Event "C.to Provinciale VA"]
[Site "Gallarate ITA"]
[Date "2013.01.26"]
[Round "4"]
[White "D'Aulisa, Francesco"]
[Black "Colusso, Ermes"]
[WhiteElo "1748"]
[BlackElo "1714"]
[Result "0-1"]
[PlyCount "66"]
[EventDate "2013.01.19"]

1. e4 c5 2. f4 d6 3. Nf3 Nc6 4. Bc4 e6 5. c3 a6 6. d4 b5 7. Be2 cxd4 8. cxd4 d5
9. exd5 exd5 10. O-O Nf6 11. Ne5 Qb6 12. Be3 Bd6 13. Nc3 O-O 14. Rc1 Bb7 15. g4
Bxe5 16. fxe5 Nxe5 17. Bf4 Rfe8 18. g5 Ne4 19. Nxe4 dxe4 20. Rc5 Ng6 21. Be3
Rad8 22. Qb3 Re7 23. a4 Nh4 24. Rf4 Nf3+ 25. Kh1 Nxd4 26. Bxd4 Rxd4 27. Rcf5
e3+ 28. Kg1 Rxf4 29. Rxf4 Qg6 30. h4 Qb1+ 31. Rf1 Qe4 32. Bf3 Qd4 33. Kg2 Qg4+
0-1

[Event "C.to Provinciale VA"]
[Site "Gallarate ITA"]
[Date "2013.01.26"]
[Round "4"]
[White "Nossa, Mauro"]
[Black "Centofante, Maria Rosa"]
[WhiteElo "1598"]
[BlackElo "1573"]
[Result "0-1"]
[PlyCount "80"]
[EventDate "2013.01.19"]

{139MB, Fritz8.ctg} 1. d4 1... Nf6 2. Nf3 c6 3. c4 d5 4. e3 Bg4 5. cxd5 cxd5 6.
Be2 e6 7. a3 Bd6 8. O-O O-O 9. Nbd2 a6 10. b4 b5 11. Bb2 Nbd7 12. Ne1 Bxe2 13.
Qxe2 Nb6 14. Nef3 Rc8 15. Rac1 Na4 16. Nb3 Ne4 17. Nc5 Nxb2 18. Qxb2 Nxc5 19.
bxc5 Bc7 20. a4 Rb8 21. axb5 Rxb5 22. Qc2 a5 23. Rb1 Qb8 24. Rxb5 Qxb5 25. Rb1
Qc6 26. Qb3 a4 27. Qa3 Ra8 28. Ne5 Qa6 29. g3 Rb8 30. Rxb8+ Bxb8 31. Nd3 Qc4
32. Qb4 Qb3 33. Kf1 Qxd3+ 34. Ke1 Qb3 35. Qa5 h6 36. Qd8+ Kh7 37. Qd7 a3 38.
Qxf7 a2 39. Qxe6 a1=Q+ 40. Ke2 Qad1# 0-1

[Event "C.to Provinciale VA"]
[Site "Gallarate ITA"]
[Date "2013.01.26"]
[Round "4"]
[White "Novi', Giuseppe"]
[Black "Schingaro, Angelo"]
[WhiteElo "1818"]
[BlackElo "1724"]
[Result "0-1"]
[PlyCount "80"]
[EventDate "2013.01.19"]

{139MB, Fritz8.ctg} 1. e4 1... c5 2. c3 d5 3. e5 Nc6 4. d4 e6 5. Ne2 Qb6 6. g3
Bd7 7. Bh3 Rc8 8. O-O Nh6 9. dxc5 Bxc5 10. b4 Be7 11. Be3 Qc7 12. f4 a6 13. Na3
f6 14. Nd4 Nxd4 15. Bxd4 f5 16. Qh5+ Nf7 17. Nc2 g6 18. Qf3 Ba4 19. Ne3 Bb5 20.
a4 Bxf1 21. Bxf1 g5 22. b5 gxf4 23. gxf4 a5 24. b6 Qd8 25. Bb5+ Kf8 26. Kh1 Bc5
27. Qd1 Qxb6 28. Rb1 Qd8 29. Nxf5 exf5 30. e6 Bxd4 31. Qxd4 Rg8 32. exf7 Kxf7
33. Qe5 Qf6 34. Qxd5+ Kf8 35. Bc4 Rg7 36. Re1 Qc6 37. Re5 Qxc4 38. Rxf5+ Ke8
39. Qe5+ Re7 40. Qf6 Qf1# 0-1

[Event "C.to Provinciale VA"]
[Site "Gallarate ITA"]
[Date "2013.01.26"]
[Round "4"]
[White "Tomassoni, Leonardo"]
[Black "Pepa, Syrja"]
[WhiteElo "1853"]
[BlackElo "1820"]
[Result "0-1"]
[PlyCount "78"]
[EventDate "2013.01.19"]

{139MB, Fritz8.ctg} 1. e4 1... e6 2. d4 d5 3. Nf3 Nf6 4. e5 Nfd7 5. Nc3 c5 6.
Bg5 Qb6 7. Be3 Qxb2 8. Na4 Qa3 9. c3 c4 10. Rb1 Nb6 11. Nxb6 axb6 12. Bd2 Qxa2
13. Be2 Qa4 14. O-O Qxd1 15. Rfxd1 Ra6 16. Ne1 Bd7 17. Nc2 Nc6 18. Ra1 Kd8 19.
Rdb1 Kc7 20. Bg5 h6 21. Bh4 g5 22. Bg3 Be7 23. Bh5 Rf8 24. f4 gxf4 25. Bxf4 Bg5
26. Bxg5 hxg5 27. Rf1 Be8 28. Bg4 Bd7 29. Ne3 b5 30. Bh5 Rxa1 31. Rxa1 b4 32.
cxb4 Nxd4 33. Rd1 Nc6 34. Ng4 Nxb4 35. Rf1 c3 36. Rc1 d4 37. Nf6 Nd3 38. Nxd7
Kxd7 39. Rc2 Nxe5 0-1

[Event "C.to Provinciale VA"]
[Site "Gallarate ITA"]
[Date "2013.01.27"]
[Round "5"]
[White "Centofante, Maria Rosa"]
[Black "Novi', Giuseppe"]
[WhiteElo "1573"]
[BlackElo "1818"]
[Result "0-1"]
[PlyCount "58"]
[EventDate "2013.01.19"]

{139MB, Fritz8.ctg} 1. d4 1... e6 2. Nf3 c5 3. e3 Nf6 4. c4 Qc7 5. Nc3 a6 6. d5
d6 7. e4 g6 8. Be2 Bg7 9. O-O O-O 10. h3 exd5 11. exd5 Nbd7 12. Be3 Re8 13. Bd3
Nh5 14. Qd2 Ne5 15. Be2 Nxf3+ 16. Bxf3 Nf6 17. Rab1 Bf5 18. Rbc1 Nd7 19. Be2
Rab8 20. Bd3 Bxd3 21. Qxd3 Ne5 22. Qe2 Qa5 23. b3 b5 24. Qd2 bxc4 25. Na4 Qxd2
26. Bxd2 cxb3 27. axb3 Rxb3 28. Rb1 Reb8 29. Ra1 Nc4 0-1

[Event "C.to Provinciale VA"]
[Site "Gallarate ITA"]
[Date "2013.01.27"]
[Round "5"]
[White "Collaro, Paolo"]
[Black "Tomassoni, Leonardo"]
[WhiteElo "1629"]
[BlackElo "1853"]
[Result "1/2-1/2"]
[PlyCount "57"]
[EventDate "2013.01.19"]

{139MB, Fritz8.ctg} 1. e4 1... c5 2. a3 d6 3. b4 cxb4 4. axb4 Nf6 5. Nc3 e6 6.
Bb2 Be7 7. Nf3 O-O 8. Bd3 e5 9. O-O Bg4 10. h3 Bh5 11. Be2 Bg6 12. d4 exd4 13.
Nd5 Nxd5 14. exd5 Nd7 15. Bxd4 Bf6 16. c4 a6 17. Bxf6 Nxf6 18. Qd4 Rc8 19. Rfe1
Re8 20. Nd2 Rc7 21. Bd3 Rce7 22. Rxe7 Rxe7 23. Bxg6 fxg6 24. Kf1 Qe8 25. Nf3
Re4 26. Qd3 Qc8 27. Nd2 Re5 28. Nf3 Re4 29. Nd2 1/2-1/2

[Event "C.to Provinciale VA"]
[Site "Gallarate ITA"]
[Date "2013.01.27"]
[Round "5"]
[White "Colusso, Ermes"]
[Black "Mondini, Francesco"]
[WhiteElo "1714"]
[BlackElo "1527"]
[Result "1-0"]
[PlyCount "45"]
[EventDate "2013.01.19"]

{139MB, Fritz8.ctg} 1. e4 1... e6 2. d4 d5 3. Nd2 c5 4. c3 Nc6 5. Bb5 Qb6 6.
Bxc6+ Qxc6 7. exd5 Qxd5 8. Ngf3 cxd4 9. cxd4 Nf6 10. O-O Be7 11. Re1 O-O 12. a3
Bd7 13. Nf1 Bc6 14. Bf4 Qf5 15. Qd2 Bxf3 16. gxf3 Nh5 17. Bg3 Qxf3 18. Re3 Qd5
19. Re5 Qd7 20. Rxh5 Rad8 21. Rd1 g6 22. Rh3 e5 23. Qh6 1-0

[Event "C.to Provinciale VA"]
[Site "Gallarate ITA"]
[Date "2013.01.27"]
[Round "5"]
[White "D'Aulisa, Francesco"]
[Black "Nossa, Mauro"]
[WhiteElo "1748"]
[BlackElo "1598"]
[Result "1-0"]
[PlyCount "57"]
[EventDate "2013.01.19"]

1. e4 e6 2. d4 d5 3. exd5 exd5 4. Nf3 Nf6 5. c4 Be7 6. Bd3 O-O 7. O-O c6 8. h3
Bd6 9. c5 Bc7 10. Bg5 Nbd7 11. Nc3 Re8 12. Qc2 h6 13. Bh4 b5 14. b4 Bb7 15. Bf5
Nf8 16. Rfe1 Rxe1+ 17. Rxe1 g5 18. Bg3 Bxg3 19. fxg3 Qc7 20. Ne5 Nh5 21. Qd3
Re8 22. Re3 Ng7 23. Rf3 Re7 24. Ng4 Nxf5 25. Qxf5 Ne6 26. Nxh6+ Kf8 27. Qf6 Ng7
28. Nf5 Nxf5 29. Qh8# 1-0

[Event "C.to Provinciale VA"]
[Site "Gallarate ITA"]
[Date "2013.01.27"]
[Round "5"]
[White "Musso, Roberto"]
[Black "Brioschi, Camillo"]
[WhiteElo "1753"]
[BlackElo "1800"]
[Result "0-1"]
[PlyCount "116"]
[EventDate "2013.01.19"]

1. e4 e5 2. Nf3 Nc6 3. Bb5 a6 4. Ba4 Nf6 5. O-O Nxe4 6. Re1 Nc5 7. Bxc6 dxc6 8.
Nxe5 Be7 9. d3 O-O 10. Nc3 f6 11. Nf3 Bd6 12. h3 Re8 13. Bd2 Bd7 14. Ne4 Nxe4
15. dxe4 Re7 16. e5 Bxe5 17. Nxe5 Rxe5 18. Rxe5 fxe5 19. Qe2 Qe7 20. Re1 Re8
21. Qe4 Qf7 22. Bc3 Bf5 23. Qf3 e4 24. Qg3 Qg6 25. Be5 Qxg3 26. Bxg3 Rd8 27.
Bf4 Rd7 28. c3 Kf7 29. g4 Bg6 30. Kg2 c5 31. Kg3 Rd3+ 32. Be3 b6 33. Re2 Ke6
34. Kf4 Rd1 35. Rd2 Rxd2 36. Bxd2 Kd5 37. b3 b5 38. Be3 a5 39. Bd2 c4 40. Ke3
cxb3 41. axb3 a4 42. c4+ Kc5 43. Bc3 axb3 44. cxb5 Kxb5 45. Kd2 Ka4 46. Bb2 Bf7
47. Ke3 Bd5 48. Kd4 c6 49. Kc3 Kb5 50. Bc1 c5 51. Bd2 h6 52. g5 h5 53. Bf4 g6
54. Be5 Ka4 55. Kb2 Kb4 56. h4 Kc4 57. Kc1 Kd3 58. Kd1 c4 0-1

[Event "C.to Provinciale VA"]
[Site "Gallarate ITA"]
[Date "2013.01.27"]
[Round "5"]
[White "Schingaro, Angelo"]
[Black "Cervini, Gian Piero"]
[WhiteElo "1724"]
[BlackElo "1786"]
[Result "0-1"]
[PlyCount "64"]
[EventDate "2013.01.19"]

{139MB, Fritz8.ctg} 1. e4 1... g6 2. d4 Bg7 3. Nf3 d6 4. Nc3 Nf6 5. Be2 O-O 6.
O-O Nbd7 7. Bf4 c5 8. d5 a6 9. a4 Qb6 10. Qd3 Ng4 11. a5 Qc7 12. h3 Nge5 13.
Nxe5 Nxe5 14. Qd2 b5 15. axb6 Qxb6 16. Ra3 Bb7 17. Rb3 Qc7 18. Rd1 Rfb8 19. Na4
Bc8 20. Rxb8 Rxb8 21. b3 Rb4 22. Nb2 Rxe4 23. Nd3 Nxd3 24. Bxd3 Rb4 25. Re1 a5
26. Bg5 e6 27. Bc4 e5 28. Qe2 Bd7 29. Bd2 Rb8 30. Ra1 Ra8 31. Bb5 Bf5 32. Bd3
e4 0-1

[Event "C.to Provinciale VA"]
[Site "Gallarate ITA"]
[Date "2013.01.27"]
[Round "6"]
[White "Centofante, Maria Rosa"]
[Black "Musso, Roberto"]
[WhiteElo "1573"]
[BlackElo "1753"]
[Result "0-1"]
[PlyCount "50"]
[EventDate "2013.01.19"]

1. d4 Nf6 2. Nf3 g6 3. c4 Bg7 4. Nc3 O-O 5. e4 d6 6. Be2 Re8 7. O-O Nbd7 8. h3
e5 9. d5 a5 10. Be3 b6 11. a4 Nh5 12. Nh2 Nf4 13. Bxf4 exf4 14. Bg4 Ne5 15. Be2
Qg5 16. Kh1 h5 17. Nf3 Nxf3 18. Bxf3 Be5 19. Nb5 Re7 20. Rb1 Qf6 21. Qd2 Ba6
22. Na3 Kg7 23. Rg1 Rh8 24. b3 g5 25. g4 fxg3 0-1

[Event "C.to Provinciale VA"]
[Site "Gallarate ITA"]
[Date "2013.01.27"]
[Round "6"]
[White "Colusso, Ermes"]
[Black "Schingaro, Angelo"]
[WhiteElo "1714"]
[BlackElo "1724"]
[Result "1-0"]
[PlyCount "64"]
[EventDate "2013.01.19"]

{139MB, Fritz8.ctg} 1. e4 1... c5 2. Nf3 d6 3. d4 cxd4 4. Nxd4 Nf6 5. Nc3 a6 6.
f3 e5 7. Nb3 Be6 8. Be3 Be7 9. Qd2 Qc7 10. O-O-O Nbd7 11. g4 Nb6 12. g5 Nfd7
13. Qf2 Rc8 14. Kb1 Nc4 15. Bxc4 Bxc4 16. Nd5 Bxd5 17. Rxd5 b5 18. Rhd1 O-O 19.
h4 Rfd8 20. f4 exf4 21. Bxf4 Ne5 22. Nd4 Nc4 23. Nf5 Bf8 24. R1d3 Ne5 25. Rc3
Qb7 26. Rxc8 Qxc8 27. Qd2 Nc4 28. Qd3 Nb6 29. Rd4 Qc5 30. b4 Qc6 31. Bxd6 Nc4
32. Bxf8 Rxd4 1-0

[Event "C.to Provinciale VA"]
[Site "Gallarate ITA"]
[Date "2013.01.27"]
[Round "6"]
[White "Mondini, Francesco"]
[Black "Collaro, Paolo"]
[WhiteElo "1527"]
[BlackElo "1629"]
[Result "1/2-1/2"]
[PlyCount "25"]
[EventDate "2013.01.19"]

{139MB, Fritz8.ctg} 1. d4 1... d5 2. c4 c6 3. Nc3 dxc4 4. e3 b5 5. Nxb5 cxb5 6.
Qf3 Qc7 7. Qxa8 Bb7 8. Qxa7 e6 9. d5 Bc5 10. d6 Qxd6 11. Qxb7 Bb4+ 12. Ke2 Qd3+
13. Kf3 1/2-1/2

[Event "C.to Provinciale VA"]
[Site "Gallarate ITA"]
[Date "2013.01.27"]
[Round "6"]
[White "Pepa, Syrja"]
[Black "Cervini, Gian Piero"]
[WhiteElo "1820"]
[BlackElo "1786"]
[Result "1/2-1/2"]
[PlyCount "69"]
[EventDate "2013.01.19"]

{139MB, Fritz8.ctg} 1. d4 1... Nf6 2. c4 g6 3. Nc3 Bg7 4. Nf3 d6 5. e3 O-O 6.
Be2 c5 7. Qc2 Nbd7 8. b3 e5 9. O-O Ne8 10. Bb2 f5 11. dxe5 dxe5 12. e4 f4 13.
Rad1 Nc7 14. Rd6 Qe7 15. Rfd1 g5 16. h3 Nf6 17. Nb5 Nfe8 18. Rd8 g4 19. hxg4
Bxg4 20. Nd6 Nxd6 21. R8xd6 Bxf3 22. Bxf3 Ne6 23. R6d5 Ng5 24. Qe2 Rad8 25. Bg4
Rxd5 26. Rxd5 Rd8 27. Qd3 Rxd5 28. Qxd5+ Kf8 29. a3 b6 30. Bc3 Bf6 31. b4 Kg7
32. b5 Nf7 33. a4 Qd6 34. Be6 Qxd5 35. Bxd5 1/2-1/2

[Event "XLV C.to Italiano a squadre A1.2"]
[Site "Arzignano ITA"]
[Date "2013.03.15"]
[Round "1"]
[White "Cocchi, Andrea"]
[Black "Petkov, Vladimir"]
[WhiteElo "2311"]
[BlackElo "2558"]
[Result "0-1"]
[PlyCount "86"]
[EventDate "2013.03.15"]

1. e4 c5 2. Nf3 d6 3. Bb5+ Nd7 4. d4 cxd4 5. Qxd4 e5 6. Qd3 a6 7. Bc4 Nc5 8.
Qe2 Nf6 9. Ng5 Be6 10. Nc3 Rc8 11. Nxe6 fxe6 12. Be3 b5 13. Bxc5 bxc4 14. Ba3
Be7 15. Rd1 O-O 16. O-O Qb6 17. Kh1 Rf7 18. Rd2 Bf8 19. Rfd1 Rc6 20. h3 g6 21.
g3 Ne8 22. Qg4 Rf6 23. Kg2 Rc7 24. Rf1 Rcf7 25. Qd1 Bh6 26. Re2 Rf3 27. Qe1 Ng7
28. Qd1 Nh5 29. Qxd6 Qxd6 30. Bxd6 Nxg3 31. fxg3 Rxf1 32. Bxe5 Rc1 33. Bd4 Rd7
34. Be5 Rd2 35. Rxd2 Bxd2 36. Na4 Rxc2 37. Kf3 Bh6 38. Nc5 Bg7 39. Bxg7 Kxg7
40. Nxe6+ Kf6 41. Nc5 c3 42. b4 Rd2 43. Nb3 Rd1 0-1

[Event "XLV C.to Italiano a squadre A1.2"]
[Site "Arzignano ITA"]
[Date "2013.03.15"]
[Round "1"]
[White "Franchini, Gabriele"]
[Black "Gilevych, Artem"]
[WhiteElo "2141"]
[BlackElo "2323"]
[Result "0-1"]
[PlyCount "92"]
[EventDate "2013.03.15"]

1. e4 e6 2. d4 d5 3. Nc3 Bb4 4. Nge2 Ne7 5. a3 Ba5 6. g3 dxe4 7. b4 Bb6 8. Nxe4
Nbc6 9. Bb2 Nf5 10. c3 a5 11. Bg2 axb4 12. axb4 Rxa1 13. Qxa1 O-O 14. O-O Nd6
15. Qa2 Ne7 16. c4 Nxe4 17. Bxe4 c6 18. Qb3 Bc7 19. b5 Re8 20. Rd1 Bd7 21. bxc6
bxc6 22. Ba3 Qa8 23. Bxe7 Rxe7 24. Rb1 Qd8 25. Qb7 e5 26. d5 cxd5 27. Bxd5 e4
28. Ra1 Bc8 29. Qb3 e3 30. f3 Re8 31. Ra8 Qe7 32. Kg2 h5 33. Bb7 Bd7 34. Rxe8+
Qxe8 35. Bd5 h4 36. Qd3 Qe7 37. Qe4 h3+ 38. Kf1 Qa3 39. Qd4 Bd6 40. Qc3 Qa4 41.
Qd4 Bc5 42. Qc3 Qd1+ 43. Qe1 Qc2 44. Qc1 Qa2 45. Be4 Ba4 46. Bb1 Qd2 0-1

[Event "XLV C.to Italiano a squadre A1.2"]
[Site "Arzignano ITA"]
[Date "2013.03.15"]
[Round "1"]
[White "Frigieri, Fabrizio"]
[Black "Vancini, Edoardo"]
[WhiteElo "2126"]
[BlackElo "2263"]
[Result "1-0"]
[PlyCount "61"]
[EventDate "2013.03.15"]

1. e4 c5 2. Nf3 e6 3. d4 cxd4 4. Nxd4 Nc6 5. Nc3 Qc7 6. Be3 a6 7. Bd3 Nf6 8.
O-O Ne5 9. Nf3 Nfg4 10. Nxe5 Nxe3 11. Qh5 g6 12. Qf3 Qxe5 13. fxe3 f6 14. Qxf6
Qxf6 15. Rxf6 Bg7 16. Rf3 b5 17. Raf1 Rb8 18. Rf7 Be5 19. Nd1 Rb6 20. R7f3 Bb7
21. b3 Bc6 22. Nf2 d6 23. Ng4 Bg7 24. Nf6+ Kd8 25. Rh3 h6 26. e5 dxe5 27. Bxg6
Bf8 28. Ng4 Rg8 29. Nxe5 Bxg2 30. Kxg2 Bg7 31. Bf7 1-0

[Event "XLV C.to Italiano a squadre A1.2"]
[Site "Arzignano ITA"]
[Date "2013.03.15"]
[Round "1"]
[White "Mascellani, Marco"]
[Black "Barillaro, Luca"]
[WhiteElo "2276"]
[BlackElo "2179"]
[Result "1-0"]
[PlyCount "85"]
[EventDate "2013.03.15"]

1. e4 e6 2. f4 d5 3. e5 c5 4. Nf3 Nc6 5. d3 b5 6. Be2 Nh6 7. O-O Be7 8. Be3 Bb7
9. h3 Nf5 10. Bf2 h5 11. c3 a5 12. Nbd2 a4 13. b3 Qa5 14. Rc1 Rd8 15. bxa4 bxa4
16. d4 Ra8 17. g4 hxg4 18. hxg4 Nh4 19. Bxh4 Bxh4 20. Kg2 Be7 21. Rb1 Ba6 22.
Bxa6 Qxa6 23. Rb2 Qd3 24. Nb1 Qxd1 25. Rxd1 O-O 26. Kg3 g6 27. Rh1 Kg7 28. f5
exf5 29. gxf5 gxf5 30. Kf4 Rg8 31. Rb6 Na5 32. Nbd2 Rab8 33. Ra6 Ra8 34. Rb6
Rab8 35. Rhb1 Rxb6 36. Rxb6 Rc8 37. Rb5 Nc6 38. Rb6 cxd4 39. cxd4 Nxd4 40. Nxd4
Bc5 41. Nxf5+ Kf8 42. Rb5 Ba7 43. Rxd5 1-0

[Event "XLV C.to Italiano a squadre A1.2"]
[Site "Arzignano ITA"]
[Date "2013.03.16"]
[Round "2"]
[White "Barillaro, Luca"]
[Black "Giancotti, Eraldo"]
[WhiteElo "2179"]
[BlackElo "2061"]
[Result "1-0"]
[PlyCount "106"]
[EventDate "2013.03.15"]

1. d4 d5 2. Nf3 Nc6 3. Bf4 Bg4 4. e3 f6 5. Be2 Bxf3 6. Bxf3 e5 7. dxe5 fxe5 8.
Bg3 Nf6 9. O-O h5 10. Bh4 Ne7 11. Bxf6 gxf6 12. Bxh5+ Kd7 13. c4 c6 14. cxd5
cxd5 15. Bf7 Kc8 16. Nc3 d4 17. exd4 exd4 18. Nb5 Nc6 19. Qg4+ Kb8 20. Qf4+ Ne5
21. Rad1 Bc5 22. Rfe1 Qe7 23. Bb3 Rd8 24. Kh1 d3 25. Qf5 Bb4 26. Nc3 Qg7 27.
Re4 Bxc3 28. bxc3 a5 29. Rd4 Rh8 30. Rd6 a4 31. Bd5 Qg4 32. Qxg4 Nxg4 33. Kg1
Kc7 34. Re6 Rae8 35. h3 Ne5 36. f4 Rxe6 37. Bxe6 Ng6 38. g3 Kd6 39. Bf5 Rg8 40.
Rxd3+ Kc5 41. Kf2 Ne7 42. Be6 Rh8 43. Rd7 Nc6 44. Rxb7 Rd8 45. Rd7 Re8 46. f5
Ne5 47. Ra7 Nd3+ 48. Ke2 Nb2 49. Kd2 Rd8+ 50. Kc2 Rb8 51. h4 a3 52. Rxa3 Nc4
53. Bxc4 Kxc4 1-0

[Event "XLV C.to Italiano a squadre A1.2"]
[Site "Arzignano ITA"]
[Date "2013.03.16"]
[Round "2"]
[White "Benaglia, Giovanni"]
[Black "Frigieri, Fabrizio"]
[WhiteElo "1939"]
[BlackElo "2126"]
[Result "1/2-1/2"]
[PlyCount "90"]
[EventDate "2013.03.15"]

1. d4 d5 2. Bg5 h6 3. Bh4 c6 4. e3 Qb6 5. Qc1 e5 6. Nf3 e4 7. Nfd2 Ne7 8. Bxe7
Bxe7 9. c4 O-O 10. Nc3 Be6 11. Be2 Nd7 12. O-O f5 13. c5 Qc7 14. f4 exf3 15.
Nxf3 Rf7 16. b4 Raf8 17. b5 f4 18. bxc6 bxc6 19. exf4 Qxf4 20. Qxf4 Rxf4 21.
Ba6 Bf6 22. Ne2 Re4 23. Bd3 Re3 24. Rad1 Bg4 25. h3 Bxf3 26. Rxf3 Rxf3 27. gxf3
Rb8 28. Rb1 Rxb1+ 29. Bxb1 Nf8 30. Bf5 Kf7 31. Kf2 g6 32. Bc8 Ke7 33. Ke3 Kd8
34. Ba6 Ne6 35. Bd3 g5 36. Bf5 Ng7 37. Bc2 Kc7 38. Bg6 Kb7 39. Bd3 h5 40. Ng3
Ne6 41. Ne2 Kc7 42. Bf5 Ng7 43. Bd3 Kd8 44. Bg6 Ke7 45. Ng3 h4 1/2-1/2

[Event "XLV C.to Italiano a squadre A1.2"]
[Site "Arzignano ITA"]
[Date "2013.03.16"]
[Round "2"]
[White "Pangrazzi, Marco"]
[Black "Franchini, Gabriele"]
[WhiteElo "2250"]
[BlackElo "2141"]
[Result "1-0"]
[PlyCount "51"]
[EventDate "2013.03.15"]

1. e4 e6 2. d4 d5 3. Nc3 Bb4 4. e5 c5 5. Qg4 Ne7 6. Nf3 Nbc6 7. Bb5 Nf5 8. dxc5
Qa5 9. Bd2 Bxc3 10. Bxc6+ bxc6 11. Bxc3 Qxc5 12. O-O a5 13. Qf4 h5 14. Qd2 Qb6
15. b3 c5 16. h3 Bb7 17. Qf4 Rh6 18. Bd2 Rh8 19. c3 O-O-O 20. Rfc1 Kb8 21. b4
cxb4 22. cxb4 a4 23. Rc5 h4 24. Nd4 Nxd4 25. Qxd4 Bc6 26. Be3 1-0

[Event "XLV C.to Italiano a squadre A1.2"]
[Site "Arzignano ITA"]
[Date "2013.03.16"]
[Round "2"]
[White "Petkov, Vladimir"]
[Black "Moncher, Stefano"]
[WhiteElo "2558"]
[BlackElo "2177"]
[Result "1-0"]
[PlyCount "71"]
[EventDate "2013.03.15"]

1. d4 f5 2. g3 Nf6 3. Bg2 g6 4. c3 Bg7 5. Qb3 Nc6 6. Nh3 d5 7. Nf4 e6 8. Nd2
O-O 9. h4 b6 10. Nf3 Qe8 11. h5 Nxh5 12. Nxh5 gxh5 13. Bf4 Na5 14. Qd1 c5 15.
Be5 Nc6 16. Bxg7 Kxg7 17. Qd2 Qg6 18. Qf4 Bd7 19. c4 Rad8 20. cxd5 exd5 21. Rd1
Rfe8 22. dxc5 Re4 23. Qg5 Be6 24. Qxg6+ Kxg6 25. Nh4+ Kg5 26. Bxe4 fxe4 27. Ng2
d4 28. Nf4 Bg4 29. Rxh5+ Bxh5 30. Ne6+ Kf6 31. Nxd8 Nxd8 32. Rxd4 Ne6 33. cxb6
axb6 34. Rb4 Kf7 35. Rxb6 Nd4 36. a4 1-0

[Event "XLV C.to Italiano a squadre A1.2"]
[Site "Arzignano ITA"]
[Date "2013.03.16"]
[Round "3"]
[White "Anceschi, Vittorio"]
[Black "Franchini, Gabriele"]
[WhiteElo "2251"]
[BlackElo "2141"]
[Result "1/2-1/2"]
[PlyCount "20"]
[EventDate "2013.03.15"]

1. e4 e6 2. d3 b5 3. f4 Bb7 4. Nf3 c5 5. Be2 d6 6. a4 a6 7. Be3 Be7 8. O-O Nd7
9. Nbd2 Ngf6 10. h3 Qc7 1/2-1/2